| 000 | 00466nam a2200169Ia 4500 | ||
|---|---|---|---|
| 008 | 230711s9999||||xx |||||||||||||| ||und|| | ||
| 020 | _a978-0-07-044532-1 | ||
| 041 | _aENG | ||
| 082 |
_a4.6 _bWH-E |
||
| 100 | _aWhiteley,David | ||
| 245 | 0 | _aE-Commerce : Strategy, Technologies and Applications | |
| 250 | _a1st Ed. | ||
| 260 |
_c2016 _aNew Delhi _bMcGraw Hill Education(India) Private Limited |
||
| 300 | _a259p. | ||
| 650 | _aComputer Engineering | ||
| 942 | _cBK | ||
| 999 |
_c6419 _d6419 |
||